| 000 | 00501nam a2200181Ia 4500 | ||
|---|---|---|---|
| 008 | 220531s9999 xx 000 0 und d | ||
| 041 | _amar | ||
| 100 |
_aमहानोर ना.धों. _963566 |
||
| 245 | _aया शेताने लळा लाविला | ||
| 250 | _a1ST | ||
| 260 |
_aPune _bSamkalin _c2014 |
||
| 300 | _a104 | ||
| 542 | _d10-03-2015 | ||
| 551 |
_aMarathi _bGrantabal-MRA |
||
| 650 |
_aGeneral _963567 |
||
| 906 |
_d2014-2015 _f5752 |
||
| 999 |
_c36097 _d36097 |
||